00929nam a22001817a 4500003000900000005001700009008004100026040002800067082001700095100003500112245007200147260003600219300003300255504005100288520036300339650001200702700003300714DO-CoUTE20260523142107.0260523b dr ||||| |||| 00| 0 spa d aDO-CoUTEbspacDO-CoUTE a861.64 P438A1 aPérez Gomez, Marino eAutor 10aA solas Contigo : bManual de Romanticimo / cMarino Pérez Gomez  aEspaña ; bCuadranta, c2025 a87 Paginas : c14 cm x 21 cm aIncluye referencia bibliográfica e índice. aEl poemario es un canto a la explosión romántica desde un plano ideal y práctico a la vez, y nos invita a un apasionante viaje vital. Adobado con un vibrante lirismo, cada poema aporta una sobredosis de sentimiento y pasión, basada en experiencias amorosas de alta intensidad. Destilan corazón y pretenden calar en el de quien se acerque a ellos.  4aPoesia 1 aMariano Perez Gomez eAutor